| 000 | 01049nas a2200385 4500 | ||
|---|---|---|---|
| 001 | BR0204705 | ||
| 003 | BR-BrBNA | ||
| 005 | 20231205103238.0 | ||
| 007 | ta | ||
| 008 | 230509b bl.|||p| |||| 00| 00por d | ||
| 040 |
_aBR-BrBNA _bpor _cBiblioteca Nacional de Agricultura |
||
| 041 | _a(Pt) | ||
| 072 | _aK50 | ||
| 100 | 1 | _aIwakiri, S. | |
| 100 | 1 | _aCunha, A.B. | |
| 100 | 1 | _aAlbuquerque, C.E.C. | |
| 100 | 1 | _aGorniak, E. | |
| 100 | 1 | _aMendes, L.M. | |
| 245 | 1 | _aUtilização de extensores alternativos na produção de compensados multilaminados | |
| 650 | _aEUCALIPTO | ||
| 650 | _aCOMPENSADO | ||
| 650 | _aADESIVO | ||
| 650 | _aPRODUTO FLORESTAL | ||
| 650 | _aPROPRIEDADE FÍSICO-QUÍMICA | ||
| 650 | _aFARINHA | ||
| 650 | _aSOJA | ||
| 650 | _aTRIGO | ||
| 650 | _aAVEIA | ||
| 650 | _aMANDIOCA | ||
| 650 | _aARROZ | ||
| 650 | _aRESISTÊNCIA | ||
| 773 | 0 |
_tCiência Florestal (Brazil) _xISSN 0103-9954 _g(Jun 2000), v. 10(1) p. 77-83 _wBR0204705 |
|
| 909 |
_a202311 _bLúcia _c55 _dLúcia Elande |
||
| 942 |
_2AGRIS _n0 _cANA |
||
| 999 |
_c171863 _d171863 |
||